Personnages disney par film - Statistiques

Statistiques générales
  • Ce quiz a été pris 188 fois
  • Le résultat moyen est 80 sur 206
Statistiques - réponses
Films Personnages % Correct
Blanche neige et les sept nains Blanche-neige
98%
Dumbo Dumbo
93%
Pinocchio Pinocchio
93%
Alice au pays des merveilles Alice
91%
Cendrillon Cendrillon
90%
Grincheux
90%
Bambi Bambi
86%
Atchoum
84%
Vice-Versa Joie
84%
Geppetto
83%
Pater Pan Peter Pan
83%
Simplet
83%
Anna
80%
Aladdin Aladdin
79%
Jack
78%
Mulan Mulan
78%
Le roi lion Simba
78%
La petite sirène Ariel
76%
La belle au bois dormant Aurore
76%
La belle et la bête Belle
76%
Lilo & Stitch Lilo
75%
Panpan
75%
Prof
75%
Tarzan Tarzan
75%
Hercule Hercule
74%
Pocahontas Pocahontas
74%
Wendy
74%
Winnie l'ourson Winnie
74%
Dormeur
73%
Raiponce Raiponce
73%
La reine des neiges Elsa
72%
Jasmine
72%
Le livre de la jungle Mowgli
72%
Stitch
72%
Merlin l'enchanteur Merlin
71%
Gus
70%
La bête
70%
Nala
70%
Baloo
69%
Scar
68%
Mufasa
67%
Buzz L'éclair
66%
Kuzco Kuzco
66%
Timide
66%
Vaiana Vaiana
66%
Joyeux
65%
Woody
65%
Esmeralda
64%
Jafar
64%
Javotte
64%
Olaf
63%
Colère
62%
Le bossu de Notre-Dame Quasimodo
62%
Les mondes de Ralph Ralph
60%
Tristesse
60%
Jane
58%
Capitaine Crochet
57%
Tigrou
57%
Cruella
56%
Peur
56%
Ratatouille Rémy
56%
Arthur
55%
Les aristochats Duchesse
55%
Marie
55%
Polochon
55%
Porcinet
55%
Dégoût
54%
Pumba
54%
Timon
53%
Bourriquet
52%
Fleur
52%
Gaston
51%
Ursula
51%
Berlioz
50%
Chapelier fou
50%
Lumière
50%
Maléfique
50%
Sébastien
50%
Hadès
49%
Le lapin blanc
49%
Toy story Andy
48%
Jean
45%
Le génie
45%
Toulouse
45%
Megara
42%
Les 101 dalmatiens Pongo
42%
Mushu
41%
Abu
40%
Anastasie
40%
Jiminy Cricket
40%
John Smith
40%
Big Ben
38%
Bagheera
37%
Hans
37%
Iago
37%
Zigzag
37%
Kristoff
36%
Lucifer
36%
Vanellope
36%
Violette
36%
Kaa
35%
Perdita
35%
Riley
35%
Flynn Rider
33%
La fée bleue
33%
Coco lapin
31%
Maui
31%
Coco Miguel
31%
Prince Eric
30%
Mère Gothel
29%
Rex
29%
Archimède
28%
Edgar
28%
Flèche
28%
Linguini
28%
Michel
28%
Zip
28%
Jack-Jack
27%
Pimprenelle
27%
Flora
26%
Petit gourou
26%
Roger
26%
Sarabi
26%
Shang
26%
Thomas O'Malley
26%
Yzma
26%
Lièvre de mars
25%
Shere Khan
25%
Anita
24%
Jean-Christophe
24%
Maman gourou
24%
Maurice
24%
Monsieur mouche
24%
Pâquerette
24%
Colette
23%
Là-haut Carl
22%
Kronk
22%
Lady Trémaine
22%
Nani
22%
Claude Frollo
21%
Elastigirl
21%
Hei hei
20%
Madame Mim
20%
Rajah
19%
Bing Bong
18%
Emile
18%
Pua
18%
Bayonne
17%
Bouh
17%
Meeko
17%
Philoctète
17%
Sally
17%
Te fiti
17%
Zazou
17%
Chat du Cheshire
16%
Clayton
16%
Hector
16%
Doug
15%
Ellie
15%
Ernesto De la Cruz
15%
Russell
15%
Dante
14%
Félix
14%
Shan-Yu
14%
Edna
13%
Gusteau
13%
Kevin
13%
Kala
12%
Mama Imelda
12%
Sid
12%
Sa sucrerie
11%
Syndrome
11%
Oogie Boogie
10%
Reine rouge
10%
Tamatoa
10%
L'étrange noël de monsieur Jack Jack Skellington
9%
Les enfants perdus
9%
Anton Ego
7%
Célia
7%
Gram
7%
Jumba
7%
Mrs Samovar
7%
Stram
7%
Kerchak
6%
Kocoum
6%
Skinner
6%
Ham
5%
La muraille
5%
La volière
5%
Wilbur
5%
Jacques Sullivan
4%
Reine blanche
4%
Cobra Bubbles
3%
Alpha
2%
Bienvenue chez les robinsons Cornelius
2%
Gouverneur Ratcliffe
2%
La rocaille
2%
Mrs Jumbo
2%
Tia Rosita
2%
Tia Victoria
2%
Monstres & cie Bob Rozowski
1%
Franny
1%
Jim Crow
1%
Les indestructibles Mr Indestrictible
1%
Porter
1%
Randall Boggs
1%
Aucun quiz correspondant
Distribution des résultats
% des personnes avec chaque résultat
Percentile par nombre de réponses
Votre historique - résultats
Vous n’avez pas pris ce quiz